[Event "BI-2010-F-00007"]
[Site "LSS email"]
[Date "2011.02.21"]
[Round "?"]
[White "Nicolenco, Sergey"]
[Black "Luers, Charles J"]
[Result "1/2-1/2"]
[WhiteElo "2075"]
[BlackElo "1831"]
[PlyCount "79"]
[EventDate "2011.02.24"]
[EventType "tourn (corr)"]
[EventRounds "10"]
[EventCountry "GER"]
[SourceTitle "Telechess CBM 157"]
[Source "ChessBase"]
[SourceDate "2013.11.12"]
[SourceVersion "1"]
[SourceVersionDate "2013.11.12"]
[SourceQuality "1"]

1. d4 Nf6 2. c4 e6 3. Nc3 Bb4 4. Qc2 0-0 5. a3 Bxc3+ 6. Qxc3 b6 7. Bg5 Bb7 8. f3 c5 9. dxc5 bxc5 10. e3 Nc6 11. Nh3 h6 12. Bh4 g5 13. Bg3 d5 14. 0-0-0 d4 15. exd4 cxd4 16. Qc2 e5 17. Bd3 Rb8 18. Nf2 Re8 19. h4 Nh5 20. Bh2 gxh4 21. Qd2 Re6 22. Ng4 Qg5 23. Rhe1 Rbe8 24. b4 Nf4 25. Bf1 d3 26. Kb1 Ne2 27. Qxd3 Ng3 28. Bxg3 hxg3 29. Qd7 Bc8 30. Qd2 Qxd2 31. Rxd2 e4 32. Rxe4 Kg7 33. b5 f5 34. Rxe6 Rxe6 35. bxc6 fxg4 36. Be2 Rxc6 37. fxg4 Be6 38. Rd4 Kf6 39. Bd3 Kg5 40. Kc2 1/2-1/2

[Event "BI-2010-F-00007"]
[Site "LSS email"]
[Date "2011.02.21"]
[Round "?"]
[White "Santistevan, Ovidio"]
[Black "Nicolenco, Sergey"]
[Result "1/2-1/2"]
[WhiteElo "2048"]
[BlackElo "2075"]
[PlyCount "56"]
[EventDate "2011.02.24"]
[EventType "tourn (corr)"]
[EventRounds "10"]
[EventCountry "GER"]
[SourceTitle "Telechess CBM 157"]
[Source "ChessBase"]
[SourceDate "2013.11.12"]
[SourceVersion "1"]
[SourceVersionDate "2013.11.12"]
[SourceQuality "1"]

1. e4 c5 2. Nf3 Nc6 3. d4 cxd4 4. Nxd4 Nf6 5. Nc3 e5 6. Ndb5 d6 7. Bg5 a6 8. Na3 b5 9. Nd5 Be7 10. Bxf6 Bxf6 11. c3 0-0 12. Nc2 Bg5 13. a4 bxa4 14. Rxa4 a5 15. Bc4 Rb8 16. b3 Kh8 17. Nce3 g6 18. Qd3 f5 19. 0-0 Be6 20. f3 Bxe3+ 21. Qxe3 fxe4 22. Qxe4 Ne7 23. Nxe7 Qxe7 24. Rxa5 Qc7 25. Rfa1 Rf4 26. Qe3 Bxc4 27. bxc4 Rxc4 28. Ra8 Rc5 1/2-1/2

[Event "CP-2010-P-00050"]
[Site "LSS email"]
[Date "2010.09.28"]
[Round "?"]
[White "Cardoso Garcia, Sergio"]
[Black "Nicolenco, Sergey"]
[Result "1/2-1/2"]
[WhiteElo "1991"]
[BlackElo "2133"]
[PlyCount "74"]
[EventDate "2010.10.01"]
[EventType "tourn (corr)"]
[EventRounds "6"]
[EventCountry "GER"]
[SourceTitle "Telechess CBM 143"]
[Source "ChessBase"]
[SourceDate "2011.07.15"]
[SourceVersion "1"]
[SourceVersionDate "2011.07.15"]
[SourceQuality "1"]

1. e3 e5 2. d4 exd4 3. exd4 d5 4. Bd3 Bd6 5. Nf3 Nf6 6. Qe2+ Be6 7. c4 dxc4 8. Bxc4 Qe7 9. 0-0 0-0 10. Nc3 Re8 11. Bg5 Nc6 12. Bb5 a6 13. Bxc6 bxc6 14. Qd2 Qf8 15. Bxf6 gxf6 16. Qd3 Qh6 17. Rfe1 Qg6 18. Re4 Rab8 19. b3 Bb4 20. Rae1 a5 21. R1e3 Kh8 22. Ne2 Bd6 23. g3 Rg8 24. Nf4 Bxf4 25. Rxf4 Qxd3 26. Rxd3 a4 27. Rxf6 Kg7 28. Rf4 axb3 29. axb3 Bxb3 30. Nh4 Rge8 31. Nf5+ Kg6 32. Ne3 Be6 33. Rc3 Rb6 34. h4 h5 35. Rc1 f6 36. Re4 Kf7 37. Re1 Rb4 1/2-1/2

[Event "SM-2010-0-00101"]
[Site "LSS email"]
[Date "2010.05.05"]
[Round "?"]
[White "Girardot, Philippe"]
[Black "Nicolenco, Sergey"]
[Result "1/2-1/2"]
[WhiteElo "2263"]
[BlackElo "2124"]
[PlyCount "40"]
[EventDate "2010.03.07"]
[EventType "tourn (corr)"]
[EventRounds "6"]
[EventCountry "GER"]
[SourceTitle "Telechess CBM 141"]
[Source "ChessBase"]
[SourceDate "2011.03.17"]
[SourceVersion "1"]
[SourceVersionDate "2011.03.17"]
[SourceQuality "1"]

1. e4 c5 2. d4 cxd4 3. c3 dxc3 4. Nxc3 Nc6 5. Nf3 d6 6. Bc4 a6 7. Bg5 Nf6 8. Bxf6 gxf6 9. 0-0 Rg8 10. Kh1 e6 11. Nd2 Bd7 12. f4 Qb6 13. Bb3 Na5 14. Rc1 Be7 15. f5 Qe3 16. Rf3 Qd4 17. Ne2 Qe5 18. Ng3 Rc8 19. Rxc8+ Bxc8 20. Rc3 Bd7 1/2-1/2

[Event "LSS BI-2010-P-00030"]
[Site "LSS email"]
[Date "2010.04.19"]
[Round "?"]
[White "Nicolenco, Sergey"]
[Black "Bonoldi, Fabio"]
[Result "1/2-1/2"]
[WhiteElo "2131"]
[BlackElo "1882"]
[PlyCount "69"]
[EventDate "2010.04.22"]
[EventType "tourn (corr)"]
[EventRounds "10"]
[EventCountry "GER"]
[SourceTitle "Telechess CBM 141"]
[Source "ChessBase"]
[SourceDate "2011.03.17"]
[SourceVersion "1"]
[SourceVersionDate "2011.03.17"]
[SourceQuality "1"]

1. e4 g6 2. d4 Bg7 3. Nc3 d6 4. f4 a6 5. Nf3 b5 6. Bd3 Bb7 7. 0-0 Nd7 8. e5 e6 9. Ne4 Nb6 10. a4 Nxa4 11. c4 Nb6 12. cxb5 axb5 13. Bxb5+ Kf8 14. Rxa8 Qxa8 15. Nc3 Ne7 16. Bd3 Nbd5 17. Nb5 Qb8 18. Qa4 Bc6 19. Qa5 Nf5 20. Bd2 Bh6 21. Rc1 Bxb5 22. Qxb5 Qxb5 23. Bxb5 dxe5 24. dxe5 Bxf4 25. Bxf4 Nxf4 26. Rxc7 Kg7 27. Ng5 Rf8 28. Bc4 Kg8 29. Kf2 Nd5 30. Rb7 Nde3 31. Be2 Nd5 32. h3 h6 33. Ne4 Rc8 34. g4 Nd4 35. Bf3 1/2-1/2

[Event "LSS BI-2010-P-00030"]
[Site "LSS email"]
[Date "2010.04.19"]
[Round "?"]
[White "Nicolenco, Sergey"]
[Black "Van Seben, Edgar"]
[Result "1/2-1/2"]
[WhiteElo "2119"]
[BlackElo "2411"]
[PlyCount "29"]
[EventDate "2010.04.22"]
[EventType "tourn (corr)"]
[EventRounds "10"]
[EventCountry "GER"]
[SourceTitle "Corr 2013"]
[Source "ChessBase"]
[SourceDate "2012.11.12"]
[SourceVersion "1"]
[SourceVersionDate "2012.11.12"]
[SourceQuality "1"]

1. e4 Nf6 2. e5 Nd5 3. d4 d6 4. c4 Nb6 5. Nf3 Bg4 6. exd6 cxd6 7. Nc3 g6 8. Be3 Bg7 9. h3 Bxf3 10. Qxf3 Nc6 11. 0-0-0 0-0 12. h4 h5 13. g4 e5 14. Bg5 f6 15. Bd2 1/2-1/2

[Event "LSS BI-2010-P-00030"]
[Site "LSS email"]
[Date "2010.04.19"]
[Round "?"]
[White "Pauk, Jozef"]
[Black "Nicolenco, Sergey"]
[Result "0-1"]
[WhiteElo "845"]
[BlackElo "2118"]
[PlyCount "65"]
[EventDate "2010.04.22"]
[EventType "tourn (corr)"]
[EventRounds "10"]
[EventCountry "GER"]
[SourceTitle "Telechess CBM 141"]
[Source "ChessBase"]
[SourceDate "2011.03.17"]
[SourceVersion "1"]
[SourceVersionDate "2011.03.17"]
[SourceQuality "1"]

1. d4 Nf6 2. c4 e6 3. Nf3 b6 4. Bg5 Bb7 5. a3 Be7 6. e3 h6 7. Bxf6 Bxf6 8. Be2 0-0 9. Nc3 c5 10. d5 Bxc3+ 11. bxc3 Qf6 12. Qd2 exd5 13. 0-0 dxc4 14. a4 d5 15. h3 Nd7 16. Nh2 Rad8 17. f4 Rfe8 18. Ng4 Qe7 19. Bf3 h5 20. Nh2 Qxe3+ 21. Rf2 Qxd2 22. Rxd2 Nf6 23. Rad1 Ne4 24. Rc2 Bc6 25. Ra1 d4 26. cxd4 Rxd4 27. Bxh5 c3 28. Bf3 Bxa4 29. Re2 c2 30. Ree1 Nd2 31. Rxe8+ Bxe8 32. Rc1 Nxf3+ 33. Nxf3 0-1

[Event "LSS BI-2010-P-00030"]
[Site "LSS email"]
[Date "2010.04.19"]
[Round "?"]
[White "Slezak, Robert"]
[Black "Nicolenco, Sergey"]
[Result "1/2-1/2"]
[WhiteElo "2088"]
[BlackElo "2117"]
[PlyCount "42"]
[EventDate "2010.04.22"]
[EventType "tourn (corr)"]
[EventRounds "10"]
[EventCountry "GER"]
[SourceTitle "Telechess CBM 141"]
[Source "ChessBase"]
[SourceDate "2011.03.17"]
[SourceVersion "1"]
[SourceVersionDate "2011.03.17"]
[SourceQuality "1"]

1. e4 e5 2. Nf3 Nc6 3. Bb5 Nf6 4. 0-0 Nxe4 5. d4 Nd6 6. Bxc6 dxc6 7. dxe5 Nf5 8. Qxd8+ Kxd8 9. Nc3 h6 10. h3 Ke8 11. a3 Be7 12. b3 Be6 13. Bb2 Rd8 14. Rad1 Nh4 15. Nxh4 Bxh4 16. Ne2 c5 17. Nf4 Bf5 18. Nd5 Bxc2 19. Nxc7+ Kf8 20. Rxd8+ Bxd8 21. Rc1 Bxb3 1/2-1/2

[Event "LSS BI-2010-P-00030"]
[Site "LSS email"]
[Date "2010.04.19"]
[Round "?"]
[White "Somogyi, Gabor"]
[Black "Nicolenco, Sergey"]
[Result "1/2-1/2"]
[WhiteElo "1655"]
[BlackElo "2126"]
[PlyCount "106"]
[EventDate "2010.04.22"]
[EventType "tourn (corr)"]
[EventRounds "10"]
[EventCountry "GER"]
[SourceTitle "Telechess CBM 141"]
[Source "ChessBase"]
[SourceDate "2011.03.17"]
[SourceVersion "1"]
[SourceVersionDate "2011.03.17"]
[SourceQuality "1"]

1. e4 c5 2. Nf3 Nc6 3. d4 cxd4 4. Nxd4 Nf6 5. Nc3 d6 6. Bg5 e6 7. Qd2 Be7 8. 0-0-0 0-0 9. f4 h6 10. h4 Nxd4 11. Qxd4 Qa5 12. Kb1 Rd8 13. Bd3 Bd7 14. e5 dxe5 15. fxe5 Bc6 16. Qf4 Nh5 17. Qg4 Rxd3 18. cxd3 hxg5 19. Qxh5 gxh4 20. Rhf1 Rf8 21. Qe2 Bb4 22. Rh1 Be7 23. d4 Rd8 24. Rhf1 Rd7 25. Qg4 Rd8 26. Rf2 Qb6 27. Ne4 Bxe4+ 28. Qxe4 a5 29. Rf3 a4 30. g3 Qc6 31. Qxc6 bxc6 32. gxh4 Bxh4 33. Kc2 f5 34. Rc3 g5 35. Rxc6 Kf7 36. Ra6 f4 37. Rxa4 f3 38. Rh1 Kg6 39. Kd3 f2 40. Rc4 Kh5 41. a4 Kg4 42. Ke2 Kg3 43. a5 Kg2 44. Rf1 Rb8 45. b4 Bg3 46. Ra1 Bf4 47. Rb1 Rb5 48. Rf1 Bg3 49. Rd1 Bf4 50. a6 Rb6 51. Rf1 Bg3 52. Rcc1 Rxa6 53. b5 Ra2+ 1/2-1/2

[Event "LSS RA-2009-0-00076"]
[Site "LSS email"]
[Date "2010.01.13"]
[Round "?"]
[White "Nicolenco, Sergey"]
[Black "Sorcinelli, Andrea"]
[Result "1/2-1/2"]
[WhiteElo "2126"]
[BlackElo "2081"]
[PlyCount "77"]
[EventDate "2009.12.09"]
[EventType "tourn (corr)"]
[EventRounds "6"]
[EventCountry "GER"]
[SourceTitle "Corr 2013"]
[Source "ChessBase"]
[SourceDate "2012.11.12"]
[SourceVersion "1"]
[SourceVersionDate "2012.11.12"]
[SourceQuality "1"]

1. Nf3 d5 2. g3 c6 3. Bg2 Bg4 4. h3 Bh5 5. c4 e6 6. Qb3 dxc4 7. Qxb7 Nd7 8. Qxc6 Ngf6 9. Nc3 Rc8 10. Qa4 Bxf3 11. Bxf3 Bc5 12. b4 cxb3 13. 0-0 b2 14. Bxb2 0-0 15. d4 Nb6 16. Qb3 Be7 17. Rfc1 Nc4 18. Ne4 Nxb2 19. Rxc8 Qxc8 20. Qxb2 Nxe4 21. Bxe4 e5 22. dxe5 Qxh3 23. Rc1 Bd8 24. Qb3 Bb6 25. Bd5 Qf5 26. e3 Qxe5 27. Bxf7+ Kh8 28. Rc2 Rd8 29. Rc6 Qe4 30. Re6 Qf3 31. Re8+ Rxe8 32. Bxe8 Qf6 33. Qc4 g6 34. Qc8 Kg7 35. Qb7+ Kh6 36. Bf7 Qc3 37. Bg8 Qc1+ 38. Kg2 Qc7 39. Qd5 1/2-1/2

[Event "LSS RA-2009-0-00075"]
[Site "LSS email"]
[Date "2010.01.10"]
[Round "?"]
[White "Nicolenco, Sergey"]
[Black "Kroes, Friso"]
[Result "1/2-1/2"]
[WhiteElo "2098"]
[BlackElo "2041"]
[PlyCount "41"]
[EventDate "2009.11.30"]
[EventType "tourn (corr)"]
[EventRounds "6"]
[EventCountry "GER"]
[SourceTitle "Telechess CBM 137"]
[Source "ChessBase"]
[SourceDate "2010.07.15"]
[SourceVersion "1"]
[SourceVersionDate "2010.07.15"]
[SourceQuality "1"]

1. d4 d5 2. c4 c6 3. Nc3 Nf6 4. Nf3 e6 5. Bg5 dxc4 6. e4 b5 7. e5 h6 8. Bh4 g5 9. Nxg5 hxg5 10. Bxg5 Nbd7 11. g3 Rh5 12. Bxf6 Nxf6 13. exf6 Rf5 14. Bg2 Bb7 15. a4 Qxf6 16. 0-0 b4 17. a5 bxc3 18. a6 Bc8 19. Bxc6+ Bd7 20. Bxd7+ Kxd7 21. Qa4+ 1/2-1/2

[Event "LSS RA-2009-0-00075"]
[Site "LSS email"]
[Date "2010.01.10"]
[Round "?"]
[White "Yarmolyuk, Yury"]
[Black "Nicolenco, Sergey"]
[Result "1/2-1/2"]
[WhiteElo "2188"]
[BlackElo "2120"]
[PlyCount "56"]
[EventDate "2009.11.30"]
[EventType "tourn (corr)"]
[EventRounds "6"]
[EventCountry "GER"]
[SourceTitle "Corr 2013"]
[Source "ChessBase"]
[SourceDate "2012.11.12"]
[SourceVersion "1"]
[SourceVersionDate "2012.11.12"]
[SourceQuality "1"]

1. d4 Nf6 2. c4 g6 3. Nc3 Bg7 4. e4 d6 5. Nf3 0-0 6. Be2 e5 7. 0-0 Nc6 8. d5 Ne7 9. b4 Ne8 10. Nd2 f5 11. c5 a5 12. Ba3 axb4 13. Bxb4 dxc5 14. Bxc5 b6 15. Bb4 Rf7 16. a4 c5 17. dxc6 Nxc6 18. Bc4 Nxb4 19. Qb3 Nd6 20. Qxb4 Nxc4 21. Nxc4 Bf8 22. Qb2 fxe4 23. Rfd1 Qh4 24. g3 Qf6 25. Nd5 Qe6 26. Qxb6 Ra6 27. Qxe6 Bxe6 28. Nxe5 Rfa7 1/2-1/2

[Event "LSS RM-2009-0-00042"]
[Site "LSS email"]
[Date "2009.12.29"]
[Round "?"]
[White "Nicolenco, Sergey"]
[Black "Medvedev, Eduard"]
[Result "1/2-1/2"]
[WhiteElo "2117"]
[BlackElo "2069"]
[PlyCount "55"]
[EventDate "2009.10.24"]
[EventType "tourn (corr)"]
[EventRounds "6"]
[EventCountry "GER"]
[SourceTitle "Corr 2013"]
[Source "ChessBase"]
[SourceDate "2012.11.12"]
[SourceVersion "1"]
[SourceVersionDate "2012.11.12"]
[SourceQuality "1"]

1. d4 Nf6 2. c4 e6 3. Nf3 b6 4. g3 Ba6 5. b3 Bb4+ 6. Bd2 Be7 7. Bg2 c6 8. Bc3 d5 9. Ne5 Nfd7 10. Nxd7 Nxd7 11. Nd2 0-0 12. 0-0 Rc8 13. e4 c5 14. exd5 exd5 15. dxc5 dxc4 16. c6 cxb3 17. Re1 b2 18. Bxb2 Nc5 19. Nc4 Bxc4 20. Qg4 Bg5 21. Qxc4 Nd3 22. Be5 Nxe1 23. Rxe1 Bf6 24. Bxf6 Qxf6 25. c7 Qd6 26. Rc1 b5 27. Qc2 b4 28. Be4 1/2-1/2

[Event "LSS RM-2009-0-00041"]
[Site "LSS email"]
[Date "2009.12.06"]
[Round "?"]
[White "Fages, Jorge Juan"]
[Black "Nicolenco, Sergey"]
[Result "1/2-1/2"]
[WhiteElo "2182"]
[BlackElo "2093"]
[PlyCount "46"]
[EventDate "2009.10.18"]
[EventType "tourn (corr)"]
[EventRounds "6"]
[EventCountry "GER"]
[SourceTitle "Telechess CBM 137"]
[Source "ChessBase"]
[SourceDate "2010.07.15"]
[SourceVersion "1"]
[SourceVersionDate "2010.07.15"]
[SourceQuality "1"]

1. e4 e5 2. Nf3 Nf6 3. Nxe5 d6 4. Nf3 Nxe4 5. d4 d5 6. Bd3 Nc6 7. 0-0 Be7 8. c4 Nb4 9. Be2 0-0 10. Nc3 Bf5 11. a3 Nxc3 12. bxc3 Nc6 13. Re1 Re8 14. cxd5 Qxd5 15. Bf4 Rac8 16. Bd3 Qd7 17. Rb1 Bxd3 18. Qxd3 b6 19. d5 Bf6 20. c4 Ne7 21. h3 Ng6 22. Bg3 h6 23. Nd4 Rcd8 1/2-1/2

[Event "LSS OP-2009-0-00997"]
[Site "LSS email"]
[Date "2009.11.17"]
[Round "?"]
[White "De Jong, Bert"]
[Black "Nicolenco, Sergey"]
[Result "1/2-1/2"]
[WhiteElo "1890"]
[BlackElo "2103"]
[PlyCount "38"]
[EventDate "2009.11.13"]
[EventType "tourn (corr)"]
[EventRounds "4"]
[EventCountry "GER"]
[SourceTitle "Telechess CBM 137"]
[Source "ChessBase"]
[SourceDate "2010.07.15"]
[SourceVersion "1"]
[SourceVersionDate "2010.07.15"]
[SourceQuality "1"]

1. d4 Nf6 2. c4 e6 3. g3 Bb4+ 4. Bd2 Be7 5. Bg2 d5 6. Nf3 0-0 7. 0-0 c6 8. Qc2 b6 9. Rd1 Ba6 10. Ne5 Nfd7 11. cxd5 cxd5 12. e4 Nxe5 13. exd5 Ng4 14. d6 Qxd6 15. Bxa8 Qxd4 16. Be1 Qe5 17. h3 Bc5 18. Kg2 Nd7 19. Bf3 Ngf6 1/2-1/2

[Event "LSS OP-2009-0-00997"]
[Site "LSS email"]
[Date "2009.11.17"]
[Round "?"]
[White "Nicolenco, Sergey"]
[Black "Avdeev, Sergey"]
[Result "1/2-1/2"]
[WhiteElo "2098"]
[BlackElo "1644"]
[PlyCount "52"]
[EventDate "2009.11.13"]
[EventType "tourn (corr)"]
[EventRounds "4"]
[EventCountry "GER"]
[SourceTitle "Telechess CBM 137"]
[Source "ChessBase"]
[SourceDate "2010.07.15"]
[SourceVersion "1"]
[SourceVersionDate "2010.07.15"]
[SourceQuality "1"]

1. d4 d5 2. c4 c6 3. Nc3 Nf6 4. Nf3 e6 5. e3 Nbd7 6. Bd3 dxc4 7. Bxc4 b5 8. Bd3 a6 9. e4 c5 10. e5 cxd4 11. Nxb5 axb5 12. exf6 gxf6 13. 0-0 Qb6 14. Qe2 b4 15. Rd1 Bc5 16. a4 bxa3 17. bxa3 Bb7 18. Be4 Rd8 19. Rb1 Ba6 20. Qc2 Qa7 21. Bb2 e5 22. Nh4 Rb8 23. Nf5 Rg8 24. g3 h5 25. Ba1 Rxb1 26. Rxb1 d3 1/2-1/2

[Event "LSS OP-2009-0-00997"]
[Site "LSS email"]
[Date "2009.11.17"]
[Round "?"]
[White "Nicolenco, Sergey"]
[Black "Jostov, Keylah"]
[Result "1-0"]
[WhiteElo "2128"]
[BlackElo "1264"]
[PlyCount "71"]
[EventDate "2009.11.13"]
[EventType "tourn (corr)"]
[EventRounds "4"]
[EventCountry "GER"]
[SourceTitle "Corr 2013"]
[Source "ChessBase"]
[SourceDate "2012.11.12"]
[SourceVersion "1"]
[SourceVersionDate "2012.11.12"]
[SourceQuality "1"]

1. d4 Nf6 2. c4 g6 3. Nc3 Bg7 4. e4 d6 5. f3 0-0 6. Be3 e5 7. Nge2 c6 8. Qd2 a6 9. dxe5 dxe5 10. Qxd8 Rxd8 11. Na4 Nbd7 12. 0-0-0 Re8 13. c5 Bf8 14. Kc2 Rb8 15. Nc1 b5 16. cxb6 c5 17. Nb3 Nxb6 18. Naxc5 Ra8 19. Kb1 a5 20. Bb5 Re7 21. Rd6 Re6 22. Rxe6 fxe6 23. Bc6 Ra7 24. Rc1 a4 25. Nxa4 Rxa4 26. Bxa4 Ba6 27. Bxb6 Nh5 28. Nc5 Be2 29. Nxe6 Bh6 30. Rc8+ Kf7 31. Nd8+ Kf6 32. Rc6+ Kg5 33. Nf7+ Kh4 34. Bf2+ Ng3 35. hxg3+ Kh5 36. g4# 1-0

[Event "LSS RA-2009-0-00068"]
[Site "LSS email"]
[Date "2009.11.10"]
[Round "?"]
[White "Sorcinelli, Andrea"]
[Black "Nicolenco, Sergey"]
[Result "1/2-1/2"]
[WhiteElo "2060"]
[BlackElo "2109"]
[PlyCount "54"]
[EventDate "2009.10.08"]
[EventType "tourn (corr)"]
[EventRounds "6"]
[EventCountry "GER"]
[SourceTitle "Telechess CBM 137"]
[Source "ChessBase"]
[SourceDate "2010.07.15"]
[SourceVersion "1"]
[SourceVersionDate "2010.07.15"]
[SourceQuality "1"]

1. e4 c5 2. Nf3 d6 3. d4 cxd4 4. Qxd4 Nc6 5. Bb5 Bd7 6. Bxc6 Bxc6 7. Nc3 Nf6 8. Bg5 e6 9. 0-0-0 Be7 10. Qd3 Qa5 11. Bd2 d5 12. exd5 Nxd5 13. Kb1 Rd8 14. Nd4 Qb6 15. Nxc6 bxc6 16. Be3 Nxe3 17. Qxe3 Qxe3 18. fxe3 f5 19. e4 Bf6 20. Na4 fxe4 21. Rde1 Rd2 22. g3 0-0 23. Nc5 e3 24. Nb3 Rfd8 25. a4 Rg2 26. Rxe3 c5 27. Re4 Rd5 1/2-1/2

[Event "LSS RA-2009-0-00060"]
[Site "LSS email"]
[Date "2009.08.17"]
[Round "?"]
[White "De Melo, Gerson Luis"]
[Black "Nicolenco, Sergey"]
[Result "1/2-1/2"]
[WhiteElo "2132"]
[BlackElo "2129"]
[PlyCount "102"]
[EventDate "2009.07.13"]
[EventType "tourn (corr)"]
[EventRounds "6"]
[EventCountry "GER"]
[SourceTitle "Telechess CBM 137"]
[Source "ChessBase"]
[SourceDate "2010.07.15"]
[SourceVersion "1"]
[SourceVersionDate "2010.07.15"]
[SourceQuality "1"]

1. e4 e5 2. Nf3 Nc6 3. Bb5 a6 4. Ba4 Nf6 5. d4 exd4 6. 0-0 Be7 7. e5 Ne4 8. Nxd4 0-0 9. Nf5 d5 10. Bxc6 bxc6 11. Nxe7+ Qxe7 12. Re1 Re8 13. f3 Nd6 14. Bf4 Nf5 15. Qd2 a5 16. Nc3 Qb4 17. Nd1 Qb6+ 18. Qf2 h6 19. c3 a4 20. Qxb6 cxb6 21. Ne3 g5 22. Nxf5 Bxf5 23. Bg3 Bd3 24. b4 Re6 25. Re3 Bc4 26. f4 gxf4 27. Bxf4 a3 28. Kf2 c5 29. Rh3 Kh7 30. Be3 d4 31. cxd4 cxb4 32. Bd2 b3 33. axb3 Bd5 34. Rc3 a2 35. Ke2 f6 36. Bf4 b5 37. h4 b4 38. Rc7+ Kg8 39. Kd2 Bxb3 40. Kc1 Bd5 41. Kb2 fxe5 42. dxe5 Rea6 43. Rd7 Be6 44. Rd6 h5 45. Rxe6 Rxe6 46. Rxa2 Rxa2+ 47. Kxa2 Kf7 48. Kb3 Kg6 49. Kxb4 Kf5 50. g3 Rxe5 51. Bxe5 Kxe5 1/2-1/2

[Event "LSS RA-2009-0-00060"]
[Site "LSS email"]
[Date "2009.08.17"]
[Round "?"]
[White "Nicolenco, Sergey"]
[Black "Salzmann, Stefan"]
[Result "1/2-1/2"]
[WhiteElo "2129"]
[BlackElo "2137"]
[PlyCount "69"]
[EventDate "2009.07.13"]
[EventType "tourn (corr)"]
[EventRounds "6"]
[EventCountry "GER"]
[SourceTitle "Telechess CBM 137"]
[Source "ChessBase"]
[SourceDate "2010.07.15"]
[SourceVersion "1"]
[SourceVersionDate "2010.07.15"]
[SourceQuality "1"]

1. e4 e5 2. Nf3 Nc6 3. Bb5 a6 4. Ba4 Nf6 5. 0-0 Be7 6. Re1 b5 7. Bb3 d6 8. c3 0-0 9. h3 Na5 10. Bc2 c5 11. d4 Qc7 12. Nbd2 cxd4 13. cxd4 Bb7 14. d5 Rac8 15. Bd3 Nd7 16. Nf1 f5 17. exf5 Nc4 18. a4 Bxd5 19. axb5 axb5 20. b3 Ncb6 21. Bxb5 Rxf5 22. Ne3 Bxf3 23. Nxf5 Bxd1 24. Nxe7+ Kf8 25. Nxc8 Qc3 26. Rxd1 Qxa1 27. Nxd6 Qb1 28. b4 Qxb4 29. Bf1 Nf6 30. Rd3 Nbd5 31. Ba3 Qe1 32. Rb3 Ke7 33. Rb2 Ke6 34. Re2 Qb1 35. g3 1/2-1/2

[Event "LSS RA-2009-0-00060"]
[Site "LSS email"]
[Date "2009.08.17"]
[Round "?"]
[White "Rudenko, Vitaliy"]
[Black "Nicolenco, Sergey"]
[Result "1-0"]
[WhiteElo "2098"]
[BlackElo "2129"]
[PlyCount "89"]
[EventDate "2009.07.13"]
[EventType "tourn (corr)"]
[EventRounds "6"]
[EventCountry "GER"]
[SourceTitle "Telechess CBM 137"]
[Source "ChessBase"]
[SourceDate "2010.07.15"]
[SourceVersion "1"]
[SourceVersionDate "2010.07.15"]
[SourceQuality "1"]

1. e4 c5 2. c3 Nf6 3. e5 Nd5 4. d4 cxd4 5. Nf3 e6 6. cxd4 d6 7. a3 Bd7 8. Bd3 dxe5 9. dxe5 Be7 10. 0-0 Bc6 11. Re1 0-0 12. Qc2 h6 13. Qe2 Re8 14. g3 Nd7 15. Nd4 Qb6 16. Nxc6 Qxc6 17. Bd2 Red8 18. Nc3 N5b6 19. Bf4 g5 20. Be4 Qc4 21. Qh5 Kg7 22. Be3 Nxe5 23. h4 Rh8 24. Bxb7 Rab8 25. Bxb6 Rxb7 26. Re4 Qxe4 27. Nxe4 axb6 28. f4 Ng6 29. Qf3 gxh4 30. g4 Rg8 31. Kh1 Bd8 32. f5 Ne5 33. Qf4 Nd3 34. f6+ Kh7 35. Qe3 Rd7 36. Rd1 Nf2+ 37. Nxf2 Rxd1+ 38. Nxd1 Bxf6 39. Nf2 Bxb2 40. a4 Rc8 41. Qxb6 Bc3 42. Qb7 Rf8 43. Ne4 Be5 44. Nc5 Bg7 45. a5 1-0

[Event "LSS RA-2009-0-00058"]
[Site "LSS email"]
[Date "2009.08.05"]
[Round "?"]
[White "Nicolenco, Sergey"]
[Black "Jovanovic, Bratislav"]
[Result "1-0"]
[WhiteElo "2088"]
[BlackElo "2104"]
[PlyCount "52"]
[EventDate "2009.06.30"]
[EventType "tourn (corr)"]
[EventRounds "6"]
[EventCountry "GER"]
[SourceTitle "Corr 2011"]
[Source "ChessBase"]
[SourceDate "2010.08.31"]
[SourceVersion "1"]
[SourceVersionDate "2010.08.31"]
[SourceQuality "1"]

1. e4 e6 2. d4 d5 3. Nc3 Bb4 4. e5 c5 5. a3 Bxc3+ 6. bxc3 Ne7 7. Qg4 0-0 8. Bd3 Nbc6 9. Nf3 f5 10. Qg3 Qb6 11. dxc5 Qxc5 12. Bd2 Na5 13. 0-0 Nc4 14. Bg5 Ng6 15. Rfe1 Nxa3 16. h4 Rf7 17. h5 Nf8 18. h6 Qxc3 19. Bf6 g6 20. Qh4 b5 21. Be7 Nxc2 22. Bxc2 Qxc2 23. Bxf8 Qc4 24. Nd4 Rxf8 25. Rec1 Qb4 26. Rc7 a5 1-0

[Event "LSS RA-2009-0-00058"]
[Site "LSS email"]
[Date "2009.08.05"]
[Round "?"]
[White "Oortwijn, Ron A"]
[Black "Nicolenco, Sergey"]
[Result "1/2-1/2"]
[WhiteElo "2183"]
[BlackElo "2129"]
[PlyCount "59"]
[EventDate "2009.06.30"]
[EventType "tourn (corr)"]
[EventRounds "6"]
[EventCountry "GER"]
[SourceTitle "Corr 2011"]
[Source "ChessBase"]
[SourceDate "2010.08.31"]
[SourceVersion "1"]
[SourceVersionDate "2010.08.31"]
[SourceQuality "1"]

1. e4 c5 2. Nf3 Nc6 3. d4 cxd4 4. Nxd4 Nf6 5. Nc3 e5 6. Ndb5 d6 7. Bg5 a6 8. Na3 b5 9. Nd5 Be7 10. Bxf6 Bxf6 11. c3 0-0 12. Nc2 Bg5 13. a4 bxa4 14. Nce3 Bb7 15. Rxa4 Bxe3 16. Nxe3 Ne7 17. Bd3 Bc6 18. Ra1 d5 19. 0-0 d4 20. cxd4 Qxd4 21. Qc2 Rab8 22. b3 Rfd8 23. Rfd1 Qb6 24. Bc4 Bb5 25. Nd5 Nxd5 26. exd5 Qd6 27. h4 Rb6 28. Qe4 Bd7 29. Re1 Re8 30. Qd3 1/2-1/2